| 000 | 01161nam a2200313Ia 4500 | ||
|---|---|---|---|
| 005 | 20220316235953.0 | ||
| 008 | 141031s2010 mx a g 000 j spa | ||
| 020 | _a9789681641146 | ||
| 100 | 1 |
_aOram, Hiawyn, _d1946- |
|
| 245 | 1 | 0 |
_aAlex quiere un dinosaurio _cHiawyn Oram Ilustraciones Satoshi Kitamura; traducción Catalina Domínguez |
| 250 | _aPrimera edición | ||
| 300 |
_a[26] páginas sin enumerar _bilustraciones _c20 cm. |
||
| 490 | _aLos especiales de A la orilla del viento | ||
| 534 | _bBoy wants a dinosaur | ||
| 650 | 1 | 4 |
_2LEMB _aCuentos infantiles sudafricanos _ySiglo XX |
| 650 | 1 | 4 |
_2LEMB _aLiteratura infantil sudafricana _ySiglo XX |
| 650 | 1 | 4 |
_2LEMB _aDinosaurios _vCuentos |
| 650 | 1 | 4 |
_2LEMB _aSueños _vCuentos |
| 650 | 1 | 4 |
_2LEMB _aAbuelos _vCuentos |
| 700 | 1 |
_aKitamura, Satoshi, _d1956- _eilustrador _9102337 |
|
| 700 | 1 |
_aDomínguez, Catalina _etraductor _98120 |
|
| 942 |
_2loc _cBKINF |
||
| 264 |
_aMéxico _bFondo de Cultura Económica _c2010 |
||
| 336 |
_atexto _btxt _2rdacontent |
||
| 337 |
_asin mediación _bn _2rdamedia |
||
| 338 |
_avolumen _bnc _2rdacarrier |
||
| 040 |
_aCO-BoRNBP _bspa _erda _cCO-BoRNBP |
||
| 084 | _aC HIA1 | ||
| 999 |
_c2779 _d2779 |
||